Osteoporóza, rizikový faktor vzniku ochorení závesného aparátu zuba

Bibliographic Details
Main Author: Straka, Michal, 1950- (Author)
Format: Article
Language:Slovak

MARC

LEADER 00000nab a2200000ua 4500
001 vtls010760604
003 SK-MaSNL
005 20260304200033.0
008 250718s1997 xo |||||||||||||||||slo|
035 |a (urnnbn)urn:nbn:sk:snk:ar-a033wf 
035 |a (uuid)0dbd10f9-8037-48b0-ba7f-e3291875381c 
035 |a urn:nbn:sk:snk-ab4pz6 
040 |a SNKBUCL  |b slo  |c SNKBUCL  |e AACR2 
041 0 |a slo 
044 |a xo  |c SK 
100 1 |a Straka, Michal,  |d 1950-  |4 aut  |9 48834 
245 1 0 |a Osteoporóza, rizikový faktor vzniku ochorení závesného aparátu zuba  |c Michal Straka 
773 0 |t Medicínsky monitor  |g Č. 1 (1997), s. 24-25 
850 |a Slovenská národná knižnica 
852 |a Slovenská národná knižnica 
954 |a odborná, vedecká literatúra pôvodná (slovenská)  |2 lita 
958 |a article3 
958 |a OND 
958 |a EUIPO 
999 |c 3084809  |d 3086739